311 Pelican Court / (Record no. 363437)
[ view plain ]
| 000 -LEADER | |
|---|---|
| fixed length control field | 00621nam a2200229Ia 4500 |
| 008 - FIXED-LENGTH DATA ELEMENTS--GENERAL INFORMATION | |
| fixed length control field | 200601s9999 xx 000 0 und d |
| 020 ## - INTERNATIONAL STANDARD BOOK NUMBER | |
| International Standard Book Number | 1-55166-719-3 |
| 050 ## - LIBRARY OF CONGRESS CALL NUMBER | |
| Classification number | FIC M11p |
| 050 ## - LIBRARY OF CONGRESS CALL NUMBER | |
| Item number | 2003 |
| 100 ## - MAIN ENTRY--PERSONAL NAME | |
| Personal name | Macomber, Debbie. |
| 245 #0 - TITLE STATEMENT | |
| Title | 311 Pelican Court / |
| 245 #0 - TITLE STATEMENT | |
| Statement of responsibility, etc | Debbie Macomber. |
| 260 ## - PUBLICATION, DISTRIBUTION, ETC. (IMPRINT) | |
| Place of publication, distribution, etc | Don Mills, Ont : |
| 260 ## - PUBLICATION, DISTRIBUTION, ETC. (IMPRINT) | |
| Name of publisher, distributor, etc | Mira, |
| 260 ## - PUBLICATION, DISTRIBUTION, ETC. (IMPRINT) | |
| Date of publication, distribution, etc | 2003 |
| 300 ## - PHYSICAL DESCRIPTION | |
| Extent | 377 pages : |
| 300 ## - PHYSICAL DESCRIPTION | |
| Dimensions | 17 cm. |
| 650 ## - SUBJECT ADDED ENTRY--TOPICAL TERM | |
| Topical term or geographic name as entry element | Bed and breakfast accommodations -- Fiction. |
| 650 ## - SUBJECT ADDED ENTRY--TOPICAL TERM | |
| Topical term or geographic name as entry element | City asnd town life -- Fiction. |
| 650 ## - SUBJECT ADDED ENTRY--TOPICAL TERM | |
| General subdivision | Custody of children -- Fiction. |
| 650 ## - SUBJECT ADDED ENTRY--TOPICAL TERM | |
| General subdivision | Washington (State) -- Fiction. |
| Withdrawn status | Lost status | Damaged status | Home library | Current library | Shelving location | Date acquired | Cost, normal purchase price | Total Checkouts | Full call number | Barcode | Date last seen | Price effective from | Koha item type |
|---|---|---|---|---|---|---|---|---|---|---|---|---|---|
| South Mansfield College | South Mansfield College | Fiction Section | 03/07/2005 | 95.00 | FIC M11p 2003 | SMC01323 | 06/01/2020 | 06/01/2020 | Books |